00536pab a2200169 454500008004000000100001800040245007800058260000900136300001700145362000800162650002400170773003400194908000600228909001000234999001700244952010500261180718b2011 xxu||||| |||| 00| 0 eng d aAlba, Richard aSchools and the diversity transition in the wealthy societies of the west c2011 ap.1616-1634. aDec aEducational systems aAmerican Behavioral Scientist aN a94636 c94636d94636 00104070aIIPAbIIPAd2018-07-19hVolume no: 55, Issue no: 12pAR95096r2018-07-19w2018-07-19yAR